000 00861nas a2200253 4500
001 BR8205791
003 BR-BrBNA
005 20231205085307.0
007 ta
008 230509b bl.|||p| |||| 00| 00por d
040 _aBR-BrBNA
_bpor
_cBiblioteca Nacional de Agricultura
041 _a(Pt)
072 _aH20
100 1 _aKurozawa, C.
100 1 _aPavan, M.A.
245 1 _aDistribuicao de racas fisiologicas de Fusarium oxysporum f. sp. Lycopersici (WR)Snyder e Hansen no estado de Sao Paulo [murcha de fusarium, tomate, Lycopersicum esculentum, Brasil]
650 _aTOMATE
650 _aMURCHA DE FUSARIUM
650 _aRACA FISIOLOGICA
650 _aSAO PAULO
773 0 _tSumma Phytopathologica (Brazil)
_xISSN 0100-5405
_g(Jan-Apr 1982), v. 8(1-2) p. 153-160
_wBR8205791
909 _a202311
_bLúcia
_c55
_dLúcia Elande
942 _2AGRIS
_n0
_cANA
999 _c110532
_d110532